Revista de direito eleitoral e polt̕ico

Bibliographic Details
Main Author: Castro Gomes da Costa, Daniel
Format: eBook
Language:Portuguese
Published: San Pablo: Pillares, 2017
Subjects:
Online Access:Acceso restringido

MARC

LEADER 00000nam a22000007a 4500
005 20190915141320.0
007 cr|||| ||||
008 190915c20172017br mr|w s|||| 0|||b1por d
020 |a 2594-5459 
035 |a 21860 
040 |a vLex 
090 |c 9524  |d 9524 
100 1 |a Castro Gomes da Costa, Daniel 
245 1 0 |a Revista de direito eleitoral e polt̕ico  |h [Recurso electrn̤ico] / 
256 |a Servicio en ln̕ea 
260 |a San Pablo:  |b Pillares,  |c 2017 
300 |a 1 recurso electrn̤ico 
310 |a Mensual 
362 |a Nð 1 (Nov. 2017) 
506 1 |a Disponible solo en los productos indicados  |d vLex Global  |d vLex Global (Academic Edition, excluding Law Schools)  |d vLex Global (U.S. Academic Edition, Law Schools)  |d vLex Global (U.S. Academic Edition, excluding Law Schools)  |d vLex Global (Academic Edition, Law Schools) 
650 0 4 |a Derecho Constitucional  |z Brasil 
740 0 |a vLex Revistas (Servicio en ln̕ea) 
856 4 0 |u http://vlex.com/source/revista-direito-eleitoral-politico-21860  |z Acceso restringido 
942 |c REV 
999 0 |a Constitutional right